00638nam a22001932 4500001001100000005001700011008004100028020001700069040001500086100003600101245011500137250001300252260005300265300001500318650004300333650003800376650002700414852000300441000002436620151217152300.0130909s xx 000 0 eng d a0131190822 : aKABUcKABU1 aNathanson, Jerry A.@000015619910aBasic environmental technology :bwater supply, waste management, and pollution control /cJerry A. Nathanson. a5th ed. aUpper Saddle River, NJ. :bPrentice Hall,c2008. ax, 534 p. 0aEnvironmental engineering.@0000156200 0aSanitary engineering.@0000156201 0aPollution.@00001562021